000 00643nam a2200241 i 4500
001 C2-0301654
003 PPAK
005 20180728082912.0
008 091221s2008 my a|||| ||||| | eng d
020 _a9789831503508
040 _aPPAK
_beng
_cPPAK
_erda
082 0 4 _a428.6
_223
090 0 0 _a428.6
_bSAS
_dK
100 1 _aSasidaran,G,
_eauthor
245 1 4 _aThe Parade, A Picnic
264 1 _aKuala Lumpur :
_bArus Intelek ,
_c2008
300 _a28 pages :
_bcolour illustrations ;
_c23 cm
336 _2rdacontent
_atext
337 _2rdamedia
_aunmediated
338 _2rdacarrier
_avolume
650 1 0 _aReaders
942 _ddc
_cB
999 _c105429
_d105429